<?xml version="1.0" encoding="UTF-8"?><?xml-stylesheet type="text/xsl" href="static/style.xsl"?><OAI-PMH xmlns="http://www.openarchives.org/OAI/2.0/" xmlns:xsi="http://www.w3.org/2001/XMLSchema-instance" xsi:schemaLocation="http://www.openarchives.org/OAI/2.0/ http://www.openarchives.org/OAI/2.0/OAI-PMH.xsd"><responseDate>2026-04-30T05:10:10Z</responseDate><request verb="GetRecord" identifier="oai:uvadoc.uva.es:10324/52648" metadataPrefix="marc">https://uvadoc.uva.es/oai/request</request><GetRecord><record><header><identifier>oai:uvadoc.uva.es:10324/52648</identifier><datestamp>2022-03-27T18:40:40Z</datestamp><setSpec>com_10324_38</setSpec><setSpec>col_10324_787</setSpec></header><metadata><record xmlns="http://www.loc.gov/MARC21/slim" xmlns:doc="http://www.lyncode.com/xoai" xmlns:xsi="http://www.w3.org/2001/XMLSchema-instance" xmlns:dcterms="http://purl.org/dc/terms/" xsi:schemaLocation="http://www.loc.gov/MARC21/slim http://www.loc.gov/standards/marcxml/schema/MARC21slim.xsd">
<leader>00925njm 22002777a 4500</leader>
<datafield tag="042" ind1=" " ind2=" ">
<subfield code="a">dc</subfield>
</datafield>
<datafield tag="720" ind1=" " ind2=" ">
<subfield code="a">Fuente Gozalo, Juan de la</subfield>
<subfield code="e">author</subfield>
</datafield>
<datafield tag="260" ind1=" " ind2=" ">
<subfield code="c">2021</subfield>
</datafield>
<datafield tag="520" ind1=" " ind2=" ">
<subfield code="a">En el presente trabajo se expone una propuesta de programación docente para el área de Geografía e Historia en el segundo curso de Educación Secundaria Obligatoria. Dado que se ha de responder a los criterios de la Orden EDU/362/2015, de 4 de mayo, los contenidos a tratar a lo largo del curso se enmarcan en el contexto de la Edad Media y de la Edad Moderna. Así pues, para ejemplificar el desarrollo de una unidad didáctica, se ha escogido el tema del Renacimiento, el Humanismo y la cultura en la América Hispana cuya secuenciación incluye una actividad de innovación educativa a través del diseño y puesta en marcha de una webquest, pues se entiende que se ha vuelto fundamental que los alumnos adquieran nuevos conocimientos para la utilización responsable de las TIC.</subfield>
</datafield>
<datafield tag="024" ind2=" " ind1="8">
<subfield code="a">https://uvadoc.uva.es/handle/10324/52648</subfield>
</datafield>
<datafield tag="245" ind1="0" ind2="0">
<subfield code="a">Un viaje por el Renacimiento con una webquest. Una propuesta de programación docente de Geografía e Historia para 2º curso de Educación Secundaria Obligatoria</subfield>
</datafield>
</record></metadata></record></GetRecord></OAI-PMH>